000 01172nam a2200265 4500
001 gentlyspeakshear00silv
003 CaSfIA
005 20210118085508.0
007 cr||||
008 720327s1972 mau 000 0 eng
010 _a 70184083
040 _aDLC
_cDLC
_dCaSfIA
035 _a(OCoLC)281158
050 0 _aPS3569.I468
_bG4
082 _a811/.5/4
100 1 _aSilver, Leonard G.
245 1 0 _aGently speaks the heart; this and other poems,
_h[electronic resource]
_cby Leonard G. Silver.
260 _aNorth Quincy, Mass.,
_bChristopher Pub. House
_c[1972]
300 _a64 p.
_c21 cm.
856 4 1 _uhttp://www.archive.org/details/gentlyspeakshear00silv
_zFree eBook from the Internet Archive
856 4 2 _uhttp://www.openlibrary.org/books/OL5709580M
_zAdditional information and access via Open Library
942 _cEB
506 _fНеобхідна авторизація на https://archive.org/ (створення облікового запису безкоштовно)
506 _fНеобхідна авторизація на https://openlibrary.org/ (створення облікового запису безкоштовно)
999 _c500500
_d500500